Most common last names in USA A-Z - Statistics

General Stats
  • This quiz has been taken 123 times
  • The average score is 10 of 26
Answer Stats
Number of people Hint Answer % Correct
2 502 000 S Smith
90%
2 014 000 J Johnson
78%
1 544 000 B Brown
70%
1 738 000 W Williams
69%
773 000 A Anderson
60%
480 000 Y Young
52%
1 194 000 D Davis
48%
1 054 000 M Miller
47%
773 000 T Taylor
46%
70 000 Q Quinn
40%
684 000 H Harris
38%
562 000 L Lewis
38%
473 000 K King
32%
403 000 N Nelson
31%
574 000 C Clark
30%
351 000 E Evans
30%
632 000 G Garcia
28%
194 000 O Owens
27%
579 000 R Robinson
27%
385 000 P Perez
18%
65 000 Z Zimmerman
17%
127 000 V Vasquez
12%
229 000 F Flores
11%
75 000 I Ingram
11%
60 000 U Underwood
10%
17 000 X Xiong
3%
No matching quizzes found
Score Distribution
Percent of People with Each Score
Percentile by Number Answered
Your Score History
You have not taken this quiz